[Event "Toronto-ch Championship"]
[Site "Toronto CAN"]
[Date "2002.01.23"]
[Round "6"]
[White "Dutton, Warren"]
[Black "Laughlin, Steve"]
[Result "1-0"]
[WhiteElo "2025"]
[BlackElo "2030"]
[PlyCount "56"]
[EventDate "2002.01.09"]
[EventType "tourn"]
[EventRounds "11"]
[EventCountry "CAN"]

1. e4 d6 2. d4 Nf6 3. Nc3 g6 4. f4 Bg7 5. Nf3 c6 6. Be2 O-O 7. O-O Nbd7 8. Qe1
Qc7 9. Qh4 e5 10. fxe5 dxe5 11. Kh1 exd4 12. Nxd4 Qd6 13. Be3 Re8 14. Rad1 Qb4
15. Bc1 Qe7 16. Bg5 h6 17. Bxh6 Nxe4 18. Qf4 g5 19. Qxe4 Qxe4 20. Nxe4 Rxe4 21.
Bxg7 Kxg7 22. Nf5+ Kf8 23. Bh5 Rf4 24. Rxf4 gxf4 25. Kg1 b6 26. Rd6 Ke8 27.
Rxc6 Ne5 28. Rf6 Be6 1-0

[Event "Toronto-ch Championship"]
[Site "Toronto CAN"]
[Date "2002.01.23"]
[Round "6"]
[White "Findlay, Ian"]
[Black "Perovic, Bozidar"]
[Result "1-0"]
[WhiteElo "2387"]
[BlackElo "2028"]
[PlyCount "95"]
[EventDate "2002.01.09"]
[EventType "tourn"]
[EventRounds "11"]
[EventCountry "CAN"]

1. e4 d5 2. exd5 Nf6 3. c4 c6 4. d4 cxd5 5. Nc3 Nc6 6. Nf3 Bg4 7. cxd5 Nxd5 8.
Qb3 Bxf3 9. gxf3 Nxc3 10. bxc3 Qb6 11. Qxb6 axb6 12. d5 Ne5 13. Bb5+ Kd8 14.
Be3 Kc7 15. Ke2 e6 16. Rhd1 Bd6 17. a4 Rhd8 18. dxe6 fxe6 19. Rd4 Ng6 20. Rc4+
Kb8 21. Bxb6 Rc8 22. Rxc8+ Kxc8 23. Rd1 Nf4+ 24. Kf1 Nd5 25. c4 Nxb6 26. Rxd6
Nxa4 27. Rxe6 Ra5 28. Re8+ Kc7 29. Re7+ Kb6 30. Rxg7 Nc3 31. Rxh7 Nxb5 32. cxb5
Rxb5 33. h4 Rf5 34. Kg2 Ka6 35. Re7 b5 36. Re4 Ka5 37. Kg3 b4 38. Kg4 Rb5 39.
Re1 b3 40. Rb1 Ka4 41. f4 Ka3 42. f5 Ka2 43. Re1 Rc5 44. f6 Rc2 45. f4 b2 46.
f7 Rc8 47. Kg5 Rf8 48. h5 1-0

[Event "Toronto-ch Championship"]
[Site "Toronto CAN"]
[Date "2002.01.23"]
[Round "6"]
[White "Richardson, Ross"]
[Black "Meng, Ang"]
[Result "0-1"]
[WhiteElo "2024"]
[BlackElo "2166"]
[PlyCount "116"]
[EventDate "2002.01.09"]
[EventType "tourn"]
[EventRounds "11"]
[EventCountry "CAN"]

1. d4 e6 2. c4 c5 3. Nf3 Nf6 4. Nc3 d5 5. cxd5 Nxd5 6. e3 cxd4 7. exd4 Bb4 8.
Bd2 O-O 9. Bd3 Nc6 10. O-O Nf6 11. a3 Be7 12. Be3 Qa5 13. b4 Qh5 14. b5 Na5 15.
h3 b6 16. Be2 Nd5 17. Ne4 Nxe3 18. fxe3 Qh6 19. Qd3 Nc4 20. Qxc4 Qxe3+ 21. Rf2
Qxe4 22. Bd3 Qd5 23. Qc2 f5 24. Re1 Bf6 25. Bc4 Qd6 26. Rd2 Kh8 27. Qb3 Re8 28.
Ne5 Bxe5 29. Rxe5 Bd7 30. Qe3 Rac8 31. Qd3 Qc7 32. Rc2 Qd6 33. Rce2 h6 34. Kh1
Rc7 35. d5 Bc8 36. dxe6 Qxd3 37. Bxd3 g6 38. e7 Kg7 39. Bc2 Kf6 40. Rd5 Rexe7
41. Rd6+ Kg7 42. Red2 Rcd7 43. Kh2 Rxd6 44. Rxd6 Rd7 45. Rc6 Bb7 46. Re6 Bd5
47. Re8 Kf6 48. Rf8+ Ke5 49. Rh8 Bc4 50. Rxh6 Rd2 51. Ba4 Kf6 52. Rh7 Bd5 53.
Rxa7 Rxg2+ 54. Kh1 Kg5 55. Ra6 Rg3+ 56. Kh2 Kf4 57. Rxb6 Rxa3 58. Ra6 Ra1 0-1

[Event "Toronto-ch Championship"]
[Site "Toronto CAN"]
[Date "2002.01.23"]
[Round "6"]
[White "Southam, David"]
[Black "Veltmann, Martin"]
[Result "1-0"]
[WhiteElo "2162"]
[BlackElo "2200"]
[PlyCount "51"]
[EventDate "2002.01.09"]
[EventType "tourn"]
[EventRounds "11"]
[EventCountry "CAN"]

1. d4 Nf6 2. c4 e6 3. Nc3 Bb4 4. Bg5 h6 5. Bh4 c5 6. d5 Qa5 7. Bxf6 gxf6 8. Qd2
Bxc3 9. bxc3 e5 10. g3 d6 11. e4 h5 12. Nf3 Bg4 13. Nh4 Na6 14. Bg2 Nc7 15. O-O
b5 16. f4 Bd7 17. fxe5 fxe5 18. Rf6 O-O-O 19. Rxf7 bxc4 20. Ng6 Rhe8 21. Rb1
Nb5 22. Qb2 a6 23. a4 Qxa4 24. Ne7+ Kb8 25. Nc6+ Bxc6 26. dxc6 1-0

[Event "Toronto-ch Championship"]
[Site "Toronto CAN"]
[Date "2002.01.28"]
[Round "7"]
[White "Laughlin, Steve"]
[Black "Perovic, Bozidar"]
[Result "1-0"]
[WhiteElo "2045"]
[BlackElo "2028"]
[PlyCount "59"]
[EventDate "2002.01.09"]
[EventType "tourn"]
[EventRounds "11"]
[EventCountry "CAN"]

1. e4 d5 2. exd5 Nf6 3. Nc3 Nxd5 4. d4 e6 5. Nf3 Bb4 6. Bd2 Nd7 7. a3 Be7 8.
Bd3 O-O 9. O-O b6 10. Nxd5 exd5 11. Re1 c5 12. Bb5 Bf6 13. Bc6 Rb8 14. Bf4 Ba6
15. Bxd7 Qxd7 16. Bxb8 Rxb8 17. c3 Rd8 18. Qd2 Qf5 19. a4 Bc8 20. a5 b5 21.
dxc5 h5 22. Nd4 Qg6 23. Kh1 h4 24. Qc2 Qh5 25. Qe2 Qg6 26. h3 Qh6 27. Qxb5 Qf4
28. Re8+ Kh7 29. Rxd8 Bxh3 30. Qd3+ 1-0

[Event "Toronto-ch Championship"]
[Site "Toronto CAN"]
[Date "2002.01.28"]
[Round "7"]
[White "Meng, Ang"]
[Black "Dutton, Warren"]
[Result "1-0"]
[WhiteElo "2144"]
[BlackElo "2025"]
[PlyCount "77"]
[EventDate "2002.01.09"]
[EventType "tourn"]
[EventRounds "11"]
[EventCountry "CAN"]

1. e4 e5 2. d4 Nf6 3. Bc4 Nc6 4. Nf3 exd4 5. O-O d6 6. Nxd4 Ne5 7. Bb3 c5 8.
Ne2 Be7 9. f4 Nc6 10. c3 O-O 11. Bc2 Re8 12. Nd2 Bf8 13. Ng3 Ng4 14. Qe1 g6 15.
h3 Nf6 16. Qf2 Bg7 17. a4 b6 18. Nf3 a5 19. f5 Ra7 20. Bg5 Ba6 21. Rfd1 h6 22.
Bf4 Rd7 23. fxg6 fxg6 24. Rd2 g5 25. Be3 g4 26. Nh4 Ne5 27. Nhf5 Kh7 28. Rad1
Bf8 29. b3 Bc8 30. h4 Ng8 31. Bf4 Kh8 32. Qe2 Qf6 33. Qb5 Ng6 34. e5 Rxe5 35.
Bxe5 Qxe5 36. Qe2 Qxc3 37. Qe8 N8e7 38. h5 Nxf5 39. Nxf5 1-0

[Event "Toronto-ch Championship"]
[Site "Toronto CAN"]
[Date "2002.01.28"]
[Round "7"]
[White "Rakhinshteyn, Fima"]
[Black "Campbell, Brett"]
[Result "0-1"]
[WhiteElo "2214"]
[BlackElo "2270"]
[PlyCount "85"]
[EventDate "2002.01.09"]
[EventType "tourn"]
[EventRounds "11"]
[EventCountry "CAN"]

1. c4 g6 2. e4 Bg7 3. d4 d6 4. Nc3 Nd7 5. Be2 e5 6. Nf3 Ne7 7. Be3 O-O 8. Qd2
f5 9. Bh6 f4 10. Bxg7 Kxg7 11. O-O-O Nc6 12. Kb1 exd4 13. Nxd4 Nc5 14. Nxc6
bxc6 15. Qd4+ Qf6 16. Bf3 Qxd4 17. Rxd4 Kf6 18. Rd2 Ke5 19. Bd1 Be6 20. b3 a5
21. f3 Rfb8 22. Rb2 Rb6 23. Ka1 Rab8 24. Rb1 a4 25. bxa4 Bxc4 26. Bc2 Kd4 27.
Rxb6 Rxb6 28. Nb1 Rb4 29. Rd1+ Bd3 30. Na3 Kc3 31. Bxd3 Nxd3 32. a5 Ra4 33.
Nb1+ Kd4 34. Nd2 c5 35. Nb3+ Kc3 36. g3 c4 37. Nc1 Kc2 38. Nxd3 cxd3 39. Rb1 d2
40. Rb2+ Kd3 41. Rb1 Ke2 42. Rb2 Ke1 43. Rb1+ 0-1

[Event "Toronto-ch Championship"]
[Site "Toronto CAN"]
[Date "2002.01.28"]
[Round "7"]
[White "Southam, David"]
[Black "Findlay, Ian"]
[Result "1/2-1/2"]
[WhiteElo "2162"]
[BlackElo "2387"]
[PlyCount "64"]
[EventDate "2002.01.09"]
[EventType "tourn"]
[EventRounds "11"]
[EventCountry "CAN"]

1. d4 Nf6 2. c4 c5 3. d5 e6 4. Nc3 exd5 5. cxd5 d6 6. e4 g6 7. h3 Bg7 8. Nf3
O-O 9. Bd3 b5 10. Nxb5 Re8 11. O-O Nxe4 12. Re1 a6 13. Na3 Nf6 14. Rxe8+ Nxe8
15. Bg5 Nf6 16. Qd2 Bb7 17. Bc2 Nbd7 18. Rd1 Nb6 19. Bb3 Qd7 20. Bh6 Bh8 21.
Nc4 Nxc4 22. Bxc4 Re8 23. Ng5 Ne4 24. Nxe4 Rxe4 25. b3 Bd4 26. Re1 Qe7 27. Kf1
f5 28. f3 Rxe1+ 29. Qxe1 Kf7 30. Qxe7+ Kxe7 31. Bg5+ Kf7 32. Ke2 Be5 1/2-1/2

[Event "Toronto-ch Championship"]
[Site "Toronto CAN"]
[Date "2002.01.28"]
[Round "7"]
[White "Torres, Juan Carlos"]
[Black "Richardson, Ross"]
[Result "1-0"]
[WhiteElo "2240"]
[BlackElo "2028"]
[PlyCount "88"]
[EventDate "2002.01.09"]
[EventType "tourn"]
[EventRounds "11"]
[EventCountry "CAN"]

1. d4 Nf6 2. Nf3 g6 3. e3 Bg7 4. Bd3 d6 5. O-O O-O 6. Re1 Nbd7 7. e4 e5 8. c3
Re8 9. Bg5 h6 10. Bh4 c6 11. Nbd2 Qc7 12. Qc2 Nh5 13. Bg3 Nxg3 14. hxg3 Nf6 15.
dxe5 dxe5 16. Nf1 Be6 17. Ne3 b5 18. a4 a6 19. b4 Bf8 20. Qb2 Rad8 21. Bc2 Bg7
22. axb5 axb5 23. Red1 Ng4 24. Nxg4 Bxg4 25. Bb3 Qe7 26. Qe2 Kf8 27. Qe3 Rxd1+
28. Rxd1 Be6 29. Bxe6 Qxe6 30. Qc5+ Kg8 31. Rd6 Qg4 32. Qxc6 Rc8 33. Qxb5 Qxe4
34. Qd7 Ra8 35. b5 Qb1+ 36. Rd1 Qb3 37. Qd5 Qa4 38. b6 e4 39. b7 Rf8 40. Nh4
Kh7 41. Rb1 Qa7 42. Qxe4 Bxc3 43. Qe7 Bg7 44. Qxf8 Bxf8 1-0

[Event "Toronto-ch Championship"]
[Site "Toronto CAN"]
[Date "2002.01.28"]
[Round "7"]
[White "Veltmann, Martin"]
[Black "Berengolts, Isai"]
[Result "0-1"]
[WhiteElo "2200"]
[BlackElo "2244"]
[PlyCount "82"]
[EventDate "2002.01.09"]
[EventType "tourn"]
[EventRounds "11"]
[EventCountry "CAN"]

1. c4 e6 2. Nf3 f5 3. d4 Nf6 4. Nc3 Bb4 5. g3 O-O 6. Bg2 Ne4 7. Bd2 Bxc3 8.
Bxc3 d6 9. O-O Nxc3 10. bxc3 Nd7 11. Rb1 c6 12. Nd2 e5 13. c5 dxc5 14. d5 e4
15. dxc6 bxc6 16. f3 e3 17. Nc4 f4 18. gxf4 Qe7 19. f5 Ba6 20. Qa4 Bb5 21. Qb3
Kh8 22. Rfd1 Nb6 23. Nxb6 axb6 24. Qe6 Qg5 25. c4 Rae8 26. cxb5 Rxe6 27. fxe6
cxb5 28. Rxb5 Rb8 29. f4 Qxf4 30. Rxb6 Re8 31. Kh1 h5 32. Bf3 h4 33. Rg1 Qe5
34. a4 c4 35. Rg4 Rxe6 36. Rxh4+ Rh6 37. Rbxh6+ gxh6 38. Rxh6+ Kg7 39. Rc6 Qa1+
40. Kg2 c3 41. Be4 Qxa4 0-1

[Event "Toronto-ch Championship"]
[Site "Toronto CAN"]
[Date "2002.01.30"]
[Round "8"]
[White "Berengolts, Isai"]
[Black "Southam, David"]
[Result "1-0"]
[WhiteElo "2244"]
[BlackElo "2162"]
[PlyCount "169"]
[EventDate "2002.01.09"]
[EventType "tourn"]
[EventRounds "11"]
[EventCountry "CAN"]

1. e4 c6 2. Nc3 d5 3. Nf3 dxe4 4. Nxe4 Nf6 5. Nxf6+ gxf6 6. d4 Bf5 7. Bd3 Bg6
8. Qe2 e6 9. Bf4 Bd6 10. Bg3 Qc7 11. Nd2 Nd7 12. Nc4 Bf4 13. Qf3 Bxg3 14. hxg3
O-O-O 15. O-O-O Kb8 16. Rh4 Rhf8 17. Ne3 Rfe8 18. Ng4 f5 19. Ne3 Nf6 20. Nc4
Bh5 21. Rxh5 Nxh5 22. Qxh5 Rxd4 23. Qxh7 Red8 24. Qg7 Rg4 25. Qe5 b5 26. Qxc7+
Kxc7 27. Ne5 Rg7 28. Be2 Rxd1+ 29. Kxd1 Kd6 30. Nd3 Rh7 31. Kd2 a5 32. b3 Rh2
33. Ne1 Kc5 34. a3 Rh8 35. b4+ Kd6 36. c4 bxc4 37. bxa5 Kc5 38. Kc3 Ra8 39.
Bxc4 Rxa5 40. Nd3+ Kb6 41. Kb4 Ra8 42. a4 Rh8 43. a5+ Kc7 44. Kc5 Rh2 45. Ne1
Rh1 46. Nc2 Rg1 47. Ne3 Ra1 48. Kb4 Rb1+ 49. Kc3 Ra1 50. a6 Rc1+ 51. Kb2 Rg1
52. Bd3 Kb6 53. Kc3 Ra1 54. Kd4 Ra2 55. Nc2 Ra5 56. Bc4 Ra4 57. Ne3 Rb4 58. Ke5
Rb2 59. f3 Rd2 60. Kf6 Rd7 61. Bf1 Kc5 62. Nc4 Ra7 63. Ne5 Kd5 64. Nxf7 c5 65.
Ne5 Ra8 66. Bc4+ Kd4 67. Kxe6 Re8+ 68. Kxf5 Rxe5+ 69. Kf6 Re8 70. Bb5 Rb8 71.
Bf1 c4 72. Bxc4 Kxc4 73. Ke5 Kb5 74. g4 Kxa6 75. g5 Rb2 76. g4 Rb5+ 77. Kf6
Rb6+ 78. Kf5 Rb5+ 79. Kg6 Rb4 80. Kh7 Rb7+ 81. Kh6 Rb3 82. g6 Rxf3 83. g7 Rh3+
84. Kg5 Rb3 85. Kh6 1-0

[Event "Toronto-ch Championship"]
[Site "Toronto CAN"]
[Date "2002.01.30"]
[Round "8"]
[White "Campbell, Brett"]
[Black "Veltmann, Martin"]
[Result "1-0"]
[WhiteElo "2270"]
[BlackElo "2120"]
[PlyCount "79"]
[EventDate "2002.01.09"]
[EventType "tourn"]
[EventRounds "11"]
[EventCountry "CAN"]

1. e4 g6 2. d4 Bg7 3. Nf3 d6 4. Bc4 c6 5. Nc3 Nf6 6. e5 dxe5 7. Nxe5 O-O 8. O-O
Nbd7 9. f4 Nb6 10. Bb3 Nbd5 11. Na4 Nd7 12. c4 N5b6 13. Be3 Nxa4 14. Bxa4 Nxe5
15. dxe5 Be6 16. Bb3 Qxd1 17. Raxd1 a5 18. c5 Bxb3 19. axb3 Rfd8 20. Kf2 f6 21.
Bd4 a4 22. exf6 exf6 23. bxa4 Rxa4 24. Ke3 Kf7 25. Bc3 Re8+ 26. Kd3 Bf8 27. f5
g5 28. b4 b6 29. cxb6 Bxb4 30. Ra1 Rxa1 31. Rxa1 Bd6 32. Ra7+ Re7 33. h3 Bb8
34. Rxe7+ Kxe7 35. Kc4 Bd6 36. Bb4 Kd7 37. Bxd6 Kxd6 38. Kb4 c5+ 39. Kb5 c4 40.
Kxc4 1-0

[Event "Toronto-ch Championship"]
[Site "Toronto CAN"]
[Date "2002.01.30"]
[Round "8"]
[White "Dutton, Warren"]
[Black "Torres, Juan Carlos"]
[Result "0-1"]
[WhiteElo "2025"]
[BlackElo "2266"]
[PlyCount "86"]
[EventDate "2002.01.09"]
[EventType "tourn"]
[EventRounds "11"]
[EventCountry "CAN"]

1. e4 e6 2. d4 c5 3. d5 exd5 4. exd5 d6 5. Nc3 Nf6 6. Nf3 Be7 7. h3 a6 8. a4
O-O 9. Bd3 Nbd7 10. Bf4 Nb6 11. a5 Nbd7 12. O-O b5 13. axb6 Nxb6 14. Re1 Bb7
15. Be4 Qd7 16. Ng5 h6 17. Nf3 Rfe8 18. Qd3 Nxe4 19. Rxe4 Bf8 20. Rae1 Rxe4 21.
Qxe4 Qd8 22. Qd3 Qf6 23. Re4 Bc8 24. g4 Rb8 25. Qe3 Bb7 26. Qd2 g5 27. Nxg5
hxg5 28. Bxg5 Qg6 29. f4 Bg7 30. f5 Qh7 31. f6 Bf8 32. Qd3 Nd7 33. Qe3 Qg6 34.
Qf4 Ne5 35. Kg2 Bc8 36. b3 Rb4 37. Kg3 Bb7 38. h4 Rxe4 39. Nxe4 Bxd5 40. Nd2
Qxc2 41. h5 Qd3+ 42. Kh4 Nf3+ 43. Nxf3 Qxf3 0-1

[Event "Toronto-ch Championship"]
[Site "Toronto CAN"]
[Date "2002.01.30"]
[Round "8"]
[White "Findlay, Ian"]
[Black "Laughlin, Steve"]
[Result "1-0"]
[WhiteElo "2387"]
[BlackElo "2045"]
[PlyCount "93"]
[EventDate "2002.01.09"]
[EventType "tourn"]
[EventRounds "11"]
[EventCountry "CAN"]

1. e4 d6 2. d4 Nf6 3. Nc3 g6 4. Nf3 Bg7 5. Be2 O-O 6. O-O e5 7. dxe5 dxe5 8.
Be3 Nbd7 9. Nd2 c6 10. a4 Qe7 11. Nc4 Ne8 12. Qd2 f5 13. exf5 gxf5 14. f4 e4
15. Rfd1 Ndf6 16. a5 Be6 17. Na4 Nd7 18. c3 Rf6 19. Qe1 Bd5 20. Qf2 Rh6 21.
Bxa7 Rxa7 22. Qxa7 Qh4 23. h3 Qxf4 24. Qf2 Qg5 25. Ne3 Be6 26. Bc4 Bxc4 27.
Nxc4 Ne5 28. Qe3 Nf3+ 29. Kf2 Qh4+ 30. Kf1 Rg6 31. Qf2 Nh2+ 32. Ke2 Qh5+ 33.
Kd2 Bh6+ 34. Kc2 f4 35. Rd8 Re6 36. Qd4 f3 37. gxf3 Nxf3 38. Qd7 Qf7 39. Nc5
Re7 40. Qg4+ Kh8 41. Nd6 Qd5 42. Ncxe4 Ne5 43. Qe2 Qg8 44. Rf1 Nd7 45. Qg4 Rg7
46. Qxg7+ Bxg7 47. Nf7+ 1-0

[Event "Toronto-ch Championship"]
[Site "Toronto CAN"]
[Date "2002.01.30"]
[Round "8"]
[White "Perovic, Bozidar"]
[Black "Meng, Ang"]
[Result "0-1"]
[WhiteElo "2028"]
[BlackElo "2166"]
[PlyCount "76"]
[EventDate "2002.01.09"]
[EventType "tourn"]
[EventRounds "11"]
[EventCountry "CAN"]

1. f4 d5 2. e3 g6 3. Nf3 Bg7 4. d4 c5 5. c3 Nf6 6. Bb5+ Nbd7 7. O-O O-O 8. Nbd2
Ng4 9. Qe1 f5 10. h3 Ngf6 11. Bxd7 Bxd7 12. Ne5 Ne4 13. Nxd7 Qxd7 14. h4 Rac8
15. Rf3 Rc6 16. Rh3 cxd4 17. exd4 Re6 18. Qf1 Nxd2 19. Bxd2 Re4 20. h5 Rf6 21.
Re1 Qa4 22. Rxe4 fxe4 23. hxg6 hxg6 24. a3 Qc2 25. Qc1 Qb3 26. f5 Rxf5 27. g4
Rf7 28. Bh6 Bxd4+ 29. Be3 Bxe3+ 30. Qxe3 Qb6 31. Qxb6 axb6 32. Kg2 Rf4 33. Rg3
Kf7 34. g5 Ke6 35. Rh3 Kf5 36. Rh7 e6 37. Rxb7 e3 38. a4 Ke5 0-1

[Event "Toronto-ch Championship"]
[Site "Toronto CAN"]
[Date "2002.01.30"]
[Round "8"]
[White "Richardson, Ross"]
[Black "Rakhinshteyn, Fima"]
[Result "1-0"]
[WhiteElo "2028"]
[BlackElo "2240"]
[PlyCount "31"]
[EventDate "2002.01.09"]
[EventType "tourn"]
[EventRounds "11"]
[EventCountry "CAN"]

1. d4 d5 2. e4 dxe4 3. Nc3 Nf6 4. f3 exf3 5. Nxf3 Bg4 6. h3 Bh5 7. g4 Bg6 8.
Ne5 e6 9. Bg2 c6 10. h4 h6 11. Nxg6 fxg6 12. Qd3 Kf7 13. Rf1 g5 14. hxg5 hxg5
15. Bxg5 Qa5 16. Bd2 1-0

[Event "Toronto-ch Championship"]
[Site "Toronto CAN"]
[Date "2002.02.04"]
[Round "9"]
[White "Berengolts, Isai"]
[Black "Findlay, Ian"]
[Result "1/2-1/2"]
[WhiteElo "2244"]
[BlackElo "2387"]
[PlyCount "122"]
[EventDate "2002.01.09"]
[EventType "tourn"]
[EventRounds "11"]
[EventCountry "CAN"]

1. e4 c5 2. Nf3 d6 3. Nc3 Nc6 4. g3 g6 5. Bg2 Bg7 6. O-O Nf6 7. d3 O-O 8. Bg5
h6 9. Bd2 Rb8 10. a4 a6 11. Nh4 Nd4 12. Ne2 b5 13. axb5 axb5 14. c3 Nxe2+ 15.
Qxe2 Bb7 16. Ra7 e5 17. Rfa1 d5 18. exd5 Bxd5 19. Be3 Bxg2 20. Nxg2 Qd5 21. Rc7
Rfc8 22. c4 bxc4 23. dxc4 Qd6 24. Rxc8+ Rxc8 25. Ra5 Nd7 26. Qd2 Qxd2 27. Bxd2
e4 28. b3 Ne5 29. Be3 Nf3+ 30. Kf1 Nxh2+ 31. Ke2 Bf8 32. Nf4 Ng4 33. Nd5 Rb8
34. Rb5 Ra8 35. Nc3 Nxe3 36. Kxe3 f5 37. Rb7 Bg7 38. Ne2 g5 39. f3 Re8 40. fxe4
Rxe4+ 41. Kf2 Be5 42. Rd7 Bf6 43. Rc7 Re5 44. Kf3 g4+ 45. Kf2 Bg5 46. Nf4 Bxf4
47. gxf4 Re4 48. Rxc5 Rxf4+ 49. Kg1 Rf3 50. b4 Rc3 51. b5 f4 52. b6 Rc1+ 53.
Kg2 Rc2+ 54. Kf1 Rc1+ 55. Ke2 f3+ 56. Kf2 Rc2+ 57. Kg3 Rg2+ 58. Kh4 Rb2 59.
Kxg4 f2 60. Rf5 Rxb6 61. Rxf2 Kg7 1/2-1/2

[Event "Toronto-ch Championship"]
[Site "Toronto CAN"]
[Date "2002.02.04"]
[Round "9"]
[White "Meng, Ang"]
[Black "Laughlin, Steve"]
[Result "1-0"]
[WhiteElo "2166"]
[BlackElo "2045"]
[PlyCount "47"]
[EventDate "2002.01.09"]
[EventType "tourn"]
[EventRounds "11"]
[EventCountry "CAN"]

1. e4 d6 2. f4 e5 3. Nf3 exf4 4. Bc4 g5 5. h4 g4 6. Ng5 Nh6 7. O-O Bg7 8. d4
Nc6 9. c3 Na5 10. Bxf4 Nxc4 11. Qa4+ Qd7 12. Qxc4 f6 13. Na3 fxg5 14. hxg5 Nf7
15. Nb5 c6 16. Nxd6+ Nxd6 17. Bxd6 Qe6 18. Qc5 Bd7 19. d5 Qg6 20. e5 cxd5 21.
e6 Bc6 22. Rf7 Rc8 23. Raf1 g3 24. Bf8 1-0

[Event "Toronto-ch Championship"]
[Site "Toronto CAN"]
[Date "2002.02.04"]
[Round "9"]
[White "Rakhinshteyn, Fima"]
[Black "Dutton, Warren"]
[Result "0-1"]
[WhiteElo "2214"]
[BlackElo "2025"]
[PlyCount "72"]
[EventDate "2002.01.09"]
[EventType "tourn"]
[EventRounds "11"]
[EventCountry "CAN"]

1. c4 c5 2. Nc3 Nc6 3. Nf3 Nf6 4. d4 cxd4 5. Nxd4 g6 6. e4 Bg7 7. Be3 O-O 8.
Be2 d6 9. h3 Bd7 10. O-O Rc8 11. Qd2 Re8 12. f4 Qa5 13. a3 Nxe4 14. Nxc6 Bxc3
15. Nxa5 Bxd2 16. Bxd2 Nxd2 17. Rfd1 b6 18. Rxd2 bxa5 19. Rc1 a4 20. Rd5 Rc7
21. Ra5 Rb8 22. Rc2 Rb3 23. Kf2 Kg7 24. Rd2 Rcb7 25. Ke1 Bc6 26. Bd1 Rxb2 27.
Rxb2 Rxb2 28. Rxa7 Ra2 29. Ra6 Be8 30. Ra8 Bc6 31. Ra6 Bxg2 32. Rxa4 Bxh3 33.
Ra7 Be6 34. Be2 Kf6 35. a4 h5 36. a5 h4 0-1

[Event "Toronto-ch Championship"]
[Site "Toronto CAN"]
[Date "2002.02.04"]
[Round "9"]
[White "Southam, David"]
[Black "Campbell, Brett"]
[Result "1-0"]
[WhiteElo "2162"]
[BlackElo "2270"]
[PlyCount "79"]
[EventDate "2002.01.09"]
[EventType "tourn"]
[EventRounds "11"]
[EventCountry "CAN"]

1. d4 g6 2. c4 Bg7 3. e4 d6 4. Nc3 f5 5. exf5 Bxf5 6. Nf3 Nh6 7. h3 O-O 8. Be2
Na6 9. Be3 Nf7 10. O-O c5 11. Qd2 b6 12. Rad1 Nc7 13. Rfe1 Bc8 14. b3 Bb7 15.
d5 a6 16. h4 e6 17. dxe6 Nxe6 18. Nd5 Bc6 19. g3 b5 20. Nf4 Nxf4 21. Bxf4 bxc4
22. bxc4 h6 23. Nh2 Qf6 24. Bf3 Bxf3 25. Nxf3 Qf5 26. Qd5 Qxd5 27. Rxd5 Rab8
28. Kg2 Rb2 29. Bxd6 Nxd6 30. Rxd6 Rxa2 31. Rxg6 a5 32. Re7 Rf7 33. Rxf7 Kxf7
34. Rc6 a4 35. Rc7+ Kf8 36. Rxc5 Rc2 37. Ra5 Rxc4 38. Ne5 Rb4 39. Ra8+ Ke7 40.
Nc6+ 1-0

[Event "Toronto-ch Championship"]
[Site "Toronto CAN"]
[Date "2002.02.04"]
[Round "9"]
[White "Torres, Juan Carlos"]
[Black "Perovic, Bozidar"]
[Result "1-0"]
[WhiteElo "2229"]
[BlackElo "2028"]
[PlyCount "87"]
[EventDate "2002.01.09"]
[EventType "tourn"]
[EventRounds "11"]
[EventCountry "CAN"]

1. Nf3 d5 2. d4 Nf6 3. e3 Bg4 4. Be2 e6 5. O-O c6 6. Nbd2 Bd6 7. c4 dxc4 8.
Nxc4 Bc7 9. Bd2 Nbd7 10. Bb4 Nb6 11. Nce5 Bd6 12. Bxd6 Qxd6 13. Nxg4 Nxg4 14.
h3 Nf6 15. Qc2 Nbd5 16. a3 h6 17. Ne5 Nd7 18. Nc4 Qe7 19. e4 Nf4 20. Bf3 Nb6
21. Ne5 f6 22. Nd3 Nxd3 23. Bh5+ Kf8 24. Qxd3 Rg8 25. Bg6 Rd8 26. Qg3 Nc4 27.
Qc3 Nb6 28. f4 Rh8 29. a4 Qd6 30. Rad1 Nxa4 31. Qb3 Nb6 32. f5 Ke7 33. e5 Qd5
34. Qa3+ Kd7 35. fxe6+ Kc7 36. e7 Ra8 37. Qg3 fxe5 38. dxe5 Qe6 39. Rd6 Qc4 40.
e6 Qc5+ 41. Rd4+ Kc8 42. Kh1 Qxd4 43. Be8 Nd5 44. Bd7# 1-0

[Event "Toronto-ch Championship"]
[Site "Toronto CAN"]
[Date "2002.02.04"]
[Round "9"]
[White "Veltmann, Martin"]
[Black "Richardson, Ross"]
[Result "1-0"]
[WhiteElo "2200"]
[BlackElo "2024"]
[PlyCount "45"]
[EventDate "2002.01.09"]
[EventType "tourn"]
[EventRounds "11"]
[EventCountry "CAN"]

1. c4 e6 2. Nc3 d5 3. d4 c6 4. Nf3 dxc4 5. a4 Bb4 6. Bf4 Nf6 7. Qc2 O-O 8. e3
b5 9. O-O-O Bb7 10. Ng5 Bxc3 11. bxc3 Qa5 12. h4 Nbd7 13. Be5 Qxa4 14. Qxa4
bxa4 15. Bxc4 Nxe5 16. dxe5 Ng4 17. Nxe6 Nxf2 18. Nxf8 Nxh1 19. Nd7 Nf2 20. Rf1
Ng4 21. Rxf7 Kh8 22. e6 g6 23. e7 1-0

[Event "Toronto-ch Championship"]
[Site "Toronto CAN"]
[Date "2002.02.06"]
[Round "10"]
[White "Campbell, Brett"]
[Black "Berengolts, Isai"]
[Result "1/2-1/2"]
[WhiteElo "2270"]
[BlackElo "2244"]
[PlyCount "125"]
[EventDate "2002.01.09"]
[EventType "tourn"]
[EventRounds "11"]
[EventCountry "CAN"]

1. e4 c5 2. Nc3 e6 3. Bc4 Nc6 4. f4 Na5 5. Be2 d5 6. Nf3 Nc6 7. e5 Nge7 8. O-O
Nf5 9. Bb5 Qb6 10. a4 c4+ 11. Kh1 Bd7 12. d3 h5 13. g3 h4 14. g4 Ne3 15. Bxe3
Qxe3 16. Ne2 Qb6 17. d4 g6 18. Qd2 Na5 19. Ng5 Nc6 20. c3 Bh6 21. Nf3 Bf8 22.
Bxc6 bxc6 23. h3 Be7 24. Rfb1 Rb8 25. Nc1 Bc8 26. a5 Qc7 27. b3 Ba6 28. b4 Qd7
29. Ne2 Kd8 30. Rg1 Kc7 31. g5 Rh7 32. Rg4 Rbh8 33. Qe1 Qd8 34. Neg1 Bc8 35.
Rxh4 Rxh4 36. Nxh4 a6 37. Kh2 Bd7 38. Nhf3 Qb8 39. h4 Qf8 40. Ne2 Qg7 41. Ng3
Qf8 42. Kg2 Qb8 43. Qd2 Qb5 44. Qc2 Be8 45. Rh1 Kd8 46. h5 gxh5 47. Rxh5 Rxh5
48. Nxh5 Bxb4 49. cxb4 Qxb4 50. Nf6 c3 51. Kf2 c5 52. Nxe8 Kxe8 53. Ke3 c4 54.
g6 fxg6 55. Qxg6+ Kd8 56. Ng5 c2 57. Nxe6+ Kd7 58. Nc5+ Qxc5 59. Qxc2 Qa3+ 60.
Kf2 Qh3 61. Qa4+ Kc7 62. Qb4 Qh2+ 63. Kf3 1/2-1/2

[Event "Toronto-ch Championship"]
[Site "Toronto CAN"]
[Date "2002.02.06"]
[Round "10"]
[White "Dutton, Warren"]
[Black "Veltmann, Martin"]
[Result "1/2-1/2"]
[WhiteElo "2028"]
[BlackElo "2200"]
[PlyCount "102"]
[EventDate "2002.01.09"]
[EventType "tourn"]
[EventRounds "11"]
[EventCountry "CAN"]

1. e4 c5 2. Nc3 Nc6 3. g3 g6 4. Bg2 Bg7 5. d3 d6 6. h3 e5 7. Be3 Nge7 8. Qd2
Nd4 9. Nd1 O-O 10. c3 Ndc6 11. Bh6 d5 12. Bxg7 Kxg7 13. exd5 Nxd5 14. h4 h5 15.
Nf3 Bf5 16. O-O Nf6 17. Ne1 Qd7 18. Ne3 Bh3 19. f4 Bxg2 20. N1xg2 e4 21. Rad1
Rad8 22. Ne1 Rfe8 23. f5 Ne5 24. fxg6 fxg6 25. Qf2 Nfg4 26. Nxg4 Nxg4 27. Qxc5
b6 28. Qg5 Re5 29. Qf4 Rf5 30. dxe4 Qxd1 31. exf5 Qd2 32. f6+ Kf8 33. Qxd2 Rxd2
34. Nf3 Rd3 35. f7 Ne3 36. Re1 Nc2 37. Re2 Rxf3 38. Rxc2 Rxg3+ 39. Rg2 Rh3 40.
Rxg6 Rxh4 41. Rf6 Rg4+ 42. Kh2 Rg7 43. b3 Rxf7 44. Rxf7+ Kxf7 45. Kg3 Ke6 46.
Kh4 Ke5 47. Kxh5 Ke4 48. c4 Kd4 49. Kg6 Kc3 50. Kf6 a5 51. Ke5 Kb2 1/2-1/2

[Event "Toronto-ch Championship"]
[Site "Toronto CAN"]
[Date "2002.02.06"]
[Round "10"]
[White "Findlay, Ian"]
[Black "Meng, Ang"]
[Result "1-0"]
[WhiteElo "2387"]
[BlackElo "2166"]
[PlyCount "57"]
[EventDate "2002.01.09"]
[EventType "tourn"]
[EventRounds "11"]
[EventCountry "CAN"]

1. e4 e5 2. Nf3 Nc6 3. Bb5 Nge7 4. O-O g6 5. c3 Bg7 6. d4 O-O 7. dxe5 Nxe5 8.
Nxe5 Bxe5 9. Bg5 d6 10. Nd2 Bg7 11. Re1 Bd7 12. a4 a6 13. Bc4 Kh8 14. f4 f6 15.
Bh4 b5 16. axb5 axb5 17. Bb3 Bc6 18. Nf3 Rxa1 19. Qxa1 Bh6 20. Nd4 Bd7 21. e5
dxe5 22. fxe5 fxe5 23. Rxe5 g5 24. Bg3 Bg7 25. Qe1 Ng6 26. Rd5 Qc8 27. Rxg5 Bf6
28. Rc5 c6 29. Qe4 1-0